بامبي / (رقم التسجيلة. 36456)
[ عرض عادي ]
| 000 -LEADER | |
|---|---|
| fixed length control field | 00587nam a22002057a 4500 |
| 005 - DATE AND TIME OF LATEST TRANSACTION | |
| control field | 20251108165958.0 |
| 008 - FIXED-LENGTH DATA ELEMENTS--GENERAL INFORMATION | |
| fixed length control field | 250721s1996 xx 000 0 ara d |
| 082 14 - DEWEY DECIMAL CLASSIFICATION NUMBER | |
| Classification number | ط/ق/ديز |
| 100 1# - MAIN ENTRY--PERSONAL NAME | |
| Personal name | ديزني، والت |
| 245 10 - TITLE STATEMENT | |
| Title | بامبي / |
| 264 1# - PRODUCTION, PUBLICATION, DISTRIBUTION, MANUFACTURE, AND COPYRIGHT NOTICE | |
| Place of production, publication, distribution, manufacture | القاهره : |
| Name of producer, publisher, distributor, manufacturer | دار المعارف، |
| Date of production, publication, distribution, manufacture, or copyright notice | 1996. |
| 300 ## - PHYSICAL DESCRIPTION | |
| Extent | 34ص |
| 490 0# - SERIES STATEMENT | |
| Series statement | قصص عالمية للأطفال |
| 650 17 - SUBJECT ADDED ENTRY--TOPICAL TERM | |
| Topical term or geographic name as entry element | القصص العربية |
| 650 17 - SUBJECT ADDED ENTRY--TOPICAL TERM | |
| Topical term or geographic name as entry element | الأدب العربي |
| 650 17 - SUBJECT ADDED ENTRY--TOPICAL TERM | |
| Topical term or geographic name as entry element | أدب الأطفال |
| 700 1# - ADDED ENTRY--PERSONAL NAME | |
| Personal name | لويسا، أمال |
| Relator term | ترجمة |
| 942 ## - ADDED ENTRY ELEMENTS (KOHA) | |
| Source of classification or shelving scheme | Dewey Decimal Classification |
| Koha item type | كتب |
| حالة السحب | حالة الفقدان | مصدر التصنيف | حالة التلف | غير قابل للإعارة | المكتبة الرئيسية | المكتبة الحالية | موقع الرف | تاريخ التزويد | الرقم المتسلسل | Total Checkouts | رقم الإستدعاء | تاريخ آخر ظهور | تاريخ الفاتورة | نوع المادة (كوها) | الباركود |
|---|---|---|---|---|---|---|---|---|---|---|---|---|---|---|---|
| Dewey Decimal Classification | Unchecked | مكتبة أم قصير والمقابلين العامة | مكتبة أم قصير والمقابلين العامة | الأطفال | 06/07/2004 | 362102 | ط/ق/ديز | 28/07/2025 | 06/07/2004 | كتب | |||||
| Dewey Decimal Classification | مكتبة الأميرة سلمى | مكتبة الأميرة سلمى | الأطفال | 16/02/2016 | 566072 | ط/ق/ديز | 28/07/2025 | 16/02/2016 | كتب | DUP-01_PLD00374514 | |||||
| Dewey Decimal Classification | Unchecked | مكتبة الاميرة بديعة | مكتبة الاميرة بديعة | الأطفال | 06/07/2004 | 362095 | ط/ق/ديز | 28/07/2025 | 06/07/2004 | كتب | |||||
| Dewey Decimal Classification | Unchecked | مكتبة الحسن العامة | مكتبة الحسن العامة | الأطفال | 06/07/2004 | 362098 | ط/ق/ديز | 28/07/2025 | 06/07/2004 | كتب | |||||
| Dewey Decimal Classification | مكتبة صويلح العامة | مكتبة صويلح العامة | الأطفال | 06/07/2004 | 362100 | ط/ق/ديز | 28/07/2025 | 06/07/2004 | كتب | 362100 | |||||
| Dewey Decimal Classification | Unchecked | مكتبة وادي السير العامة | مكتبة وادي السير العامة | الأطفال | 06/07/2004 | 362092 | ط/ق/ديز | 28/07/2025 | 06/07/2004 | كتب |